[Event "Goodricke op 03rd"]
[Site "Kolkata"]
[Date "1992.??.??"]
[Round "3"]
[White "Manoj, Verma"]
[Black "Ehlvest, Jaan"]
[Result "0-1"]
[WhiteElo "2275"]
[BlackElo "2615"]
[PlyCount "42"]
[EventDate "1992.01.??"]
[EventType "swiss"]
[EventRounds "11"]
[EventCountry "IND"]
[SourceTitle "CBM 027 Extra"]
[Source "ChessBase"]
[SourceDate "1992.05.01"]
[SourceVersion "1"]
[SourceVersionDate "1992.05.01"]
[SourceQuality "1"]

1. e4 d6 2. d4 g6 3. Nc3 c6 4. a4 Bg7 5. Bc4 Nf6 6. Bb3 Qc7 7. Nge2 e5 8. f3 0-0 9. Bg5 h6 10. Be3 Na6 11. Qd2 Kh7 12. 0-0 Be6 13. Bxe6 fxe6 14. Nc1 Rad8 15. Qe2 d5 16. exd5 exd5 17. Nb3 exd4 18. Bxd4 Rde8 19. Qd2 h5 20. Kh1 Bh6 21. f4 h4 0-1